Mennonites in the World War ; or, Nonresistance under test /

Bibliographic Details
Main Author: Hartzler, Jonas Smucker, 1857-
Format: Book
Language:English
Published: [New York] : [J. S. Ozer], [1972]
Edition:(2d ed.)
Series:Peace movement in America.
Subjects:

MARC

Tag First Indicator Second Indicator Subfields
LEADER 00000cam a2200000 4500
001 in00000482221
005 20151013053545.0
008 730221r19721922nyu 00110 eng
010 |a  76137543  
035 |a (OCoLC)00590515 
035 |9 ACB9702AM 
040 |a DLC  |c DLC  |d TXA  |d UtOrBLW 
043 |a n-us---  |a e------ 
049 |a TXAM  |c [958839] 
050 0 0 |a D639.M37  |b H37 1922a 
082 0 |a 940.3/15/287 
100 1 |a Hartzler, Jonas Smucker,  |d 1857- 
245 1 0 |a Mennonites in the World War ;  |b or, Nonresistance under test /  |c by J. S. Hartzler, assisted by a committee appointed by Mennonite General Conference. 
250 |a (2d ed.)  |b Scottdale, Pa., Mennonite Pub. House, 1922. 
264 1 |a [New York] :  |b [J. S. Ozer],  |c [1972] 
300 |a 246 pages ;  |c 22 cm. 
336 |a text  |b txt  |2 rdacontent 
337 |a unmediated  |b n  |2 rdamedia 
338 |a volume  |b nc  |2 rdacarrier 
490 1 |a The Peace movement in America 
500 |a Facsim. reprint. 
650 0 |a World War, 1914-1918  |x War work  |x Mennonites. 
650 0 |a Mennonites. 
650 0 |a Conscientious objectors  |z United States. 
740 0 |a Nonresistance under test. 
830 0 |a Peace movement in America. 
999 |a MARS 
999 f f |s 79f6fa4f-991f-34ec-9cc4-aebf87cb9aa8  |i e88a1b54-826a-3a95-b367-0bc5569be1f6  |t 0 
952 f f |p normal  |a Texas A&M University  |b College Station  |c Sterling C. Evans Library  |d Evans: Library Stacks  |t 0  |e D639.M37 H37 1922a  |h Library of Congress classification  |i unmediated -- volume  |m A14801885971 
998 f f |a D639.M37 H37 1922a  |t 0  |l Evans: Library Stacks